000 01721nam0a2200349 i 4500
001 RU\NLR\bibl\2026660
005 20241103064534.0
010 _a9785828506323
_970
021 _aRU
_b2013-25283
_91739
035 _a(NLR Aleph) 002069492
090 _a4740339
_c4740339
100 _a20130422d2012 k y0rusy50 ca
101 0 _arus
102 _aRU
105 _aa |||||||||
200 1 _aИнформационно-измерительные системы в исследованиях льняного сырья и процессов его переработки
_eмонография
_fВ.А. Болонкин, С.М. Вихарев, Д.В. Иванюк [и др.]
_gМ-во образования и науки Рос. Федерации, Костром. гос. технол. ун-т
210 _aКострома
_cИзд-во КГТУ
_d2012
215 _a129 с.
_cил.
_d21
300 _aНа обл.: 80 лет КГТУ
320 _aБиблиогр.: с. 110-116 (94 назв.)
606 1 _aЛен
_xТеребление
_xАвтоматизация
_92609407
_3RU\NLR\auth\661545965
606 _aИзмерительно-информационные системы
_xПрименение в льняном производстве
_92161388
_3RU\NLR\auth\661605360
686 _aМ321-5-05
701 1 _aБолонкин
_bВ. А.
_gВладимир Александрович
_4070
701 1 _aВихарев
_bС. М.
_gСергей Михайлович
_4070
701 1 _aИванюк
_bД. В.
_gДмитрий Васильевич
_4070
801 0 _aRU
_bNLR
_c20130422
_gRCR
801 1 _aRU
_bNLR
_c20130422
830 _aАвт. по кн.
942 _cBOOK
980 _aNBR